[Event "Oberliga Wuerttemberg 1819"]
[Site "Wuerttemberg"]
[Date "2019.03.24"]
[Round "8"]
[White "Mages, Steffen"]
[Black "Jelica, Mara"]
[Result "1/2-1/2"]
[WhiteElo "2100"]
[BlackElo "2164"]
[PlyCount "100"]
[EventDate "2018.09.23"]
[EventType "team-tourn"]
[EventRounds "9"]
[EventCountry "GER"]
[SourceTitle "EXT 2020"]
[Source "ChessBase"]
[SourceDate "2019.10.17"]
[SourceVersion "1"]
[SourceVersionDate "2019.10.17"]
[SourceQuality "1"]
[WhiteTeam "Heilbronn"]
[BlackTeam "Deizisau II"]
[WhiteTeamCountry "GER"]
[BlackTeamCountry "GER"]

1. d4 Nf6 2. c4 g6 3. Nf3 Bg7 4. Nc3 d6 5. Bg5 h6 6. Bh4 g5 7. Bg3 Nh5 8. e3 Bf5 9. Qb3 Nd7 10. Be2 Bg6 11. Rd1 Qc8 12. 0-0 Nxg3 13. hxg3 c5 14. Rfe1 0-0 15. Qa3 a6 16. dxc5 dxc5 17. Rd2 b5 18. Qa5 e6 19. cxb5 axb5 20. Qxb5 Ne5 21. Nxe5 Bxe5 22. Red1 Kg7 23. a4 Qc7 24. Rd7 Qa5 25. Bf3 Rfb8 26. Rb7 Rxb7 27. Bxb7 Ra7 28. Qxa5 Rxa5 29. Bc6 Bc2 30. Rc1 Bb3 31. f4 Bc7 32. Kf2 f5 33. Ke2 Ra6 34. Bb5 Rd6 35. Nb1 Bb6 36. Nd2 Bd5 37. Nc4 Bxc4+ 38. Bxc4 Kf6 39. Rh1 Kg7 40. b3 Ba5 41. Rd1 Rxd1 42. Kxd1 Kf6 43. Ke2 e5 44. fxe5+ Kxe5 45. Ba6 Bb4 46. Bc8 h5 47. Bd7 f4 48. Be8 fxe3 49. Kxe3 h4 50. gxh4 gxh4 1/2-1/2

[Event "Oberliga Wuerttemberg 1819"]
[Site "Wuerttemberg"]
[Date "2019.02.03"]
[Round "6"]
[White "Mages, Steffen"]
[Black "Namyslo, Holger"]
[Result "1-0"]
[WhiteElo "2100"]
[BlackElo "2275"]
[PlyCount "67"]
[EventDate "2018.09.23"]
[EventType "team-tourn"]
[EventRounds "9"]
[EventCountry "GER"]
[SourceTitle "EXT 2020"]
[Source "ChessBase"]
[SourceDate "2019.10.17"]
[SourceVersion "1"]
[SourceVersionDate "2019.10.17"]
[SourceQuality "1"]
[WhiteTeam "Heilbronn"]
[BlackTeam "Biberach"]
[WhiteTeamCountry "GER"]
[BlackTeamCountry "GER"]

1. d4 d5 2. c4 e6 3. Nf3 Nf6 4. Nc3 c6 5. Bg5 dxc4 6. e4 b5 7. Be2 h6 8. Bxf6 Qxf6 9. 0-0 Bb7 10. Re1 Bb4 11. a3 Ba5 12. Ne5 0-0 13. Qd2 Rd8 14. Rad1 c5 15. Ng4 Qe7 16. d5 b4 17. axb4 cxb4 18. Nb5 exd5 19. Nd4 c3 20. Qc1 Qf8 21. e5 Nc6 22. Nf5 Bc8 23. Nfxh6+ gxh6 24. Nxh6+ Kh8 25. Qf4 Be6 26. Bd3 d4 27. Qh4 Qg7 28. Nxf7+ Kg8 29. Nh6+ Kf8 30. Re4 Nxe5 31. Rf4+ Nf7 32. Re1 Rd6 33. Rxf7+ Bxf7 34. Qe7# 1-0

[Event "Oberliga Wuerttemberg 1819"]
[Site "Wuerttemberg"]
[Date "2018.10.14"]
[Round "2"]
[White "Mages, Steffen"]
[Black "Reindl, Arno"]
[Result "1/2-1/2"]
[WhiteElo "2100"]
[BlackElo "2044"]
[PlyCount "159"]
[EventDate "2018.09.23"]
[EventType "team-tourn"]
[EventRounds "9"]
[EventCountry "GER"]
[SourceTitle "EXT 2020"]
[Source "ChessBase"]
[SourceDate "2019.10.17"]
[SourceVersion "1"]
[SourceVersionDate "2019.10.17"]
[SourceQuality "1"]
[WhiteTeam "Heilbronn"]
[BlackTeam "Schwaebisch Gmuend"]
[WhiteTeamCountry "GER"]
[BlackTeamCountry "GER"]

1. d4 Nf6 2. c4 g6 3. Nc3 d5 4. Nf3 Bg7 5. e3 0-0 6. cxd5 Nxd5 7. Bc4 Nxc3 8. bxc3 c5 9. 0-0 Nc6 10. Ba3 b6 11. Re1 Bb7 12. Rc1 Rc8 13. Qe2 Na5 14. Ba6 c4 15. Bxb7 Nxb7 16. e4 Nd6 17. Rb1 Qd7 18. Qb2 Rfd8 19. e5 Ne8 20. e6 fxe6 21. Ne5 Bxe5 22. Rxe5 Ng7 23. Rbe1 Rf8 24. Qe2 Rf5 25. Re4 Rcf8 26. f3 Qc7 27. Bc1 b5 28. h3 Qg3 29. Rg4 Qd6 30. a4 a6 31. axb5 axb5 32. Bh6 R8f6 33. Qa2 Rf8 34. Qa7 R5f7 35. Qb7 Rb8 36. Qa7 Rbf8 37. Rb1 Rb8 38. Re4 Qb6 39. Qd7 Rb7 40. Qc8+ Rf8 41. Qc5 Rf5 42. Qb4 Rd5 43. Bf4 Nh5 44. Be5 Nf6 45. Re2 Nd7 46. Bg3 e5 47. Rbe1 Qd6 48. Qb1 b4 49. dxe5 Qb6+ 50. Bf2 Qb5 51. cxb4 Nxe5 52. Qa1 Nc6 53. Re6 Rdd7 54. Bc5 Nxb4 55. Bxb4 Qxb4 56. Qa8+ Kg7 57. R1e4 Qc5+ 58. Kh2 Qc7+ 59. f4 c3 60. Qa1 Ra7 61. Qc1 Ra2 62. Qe1 Ra7 63. Qg3 c2 64. Rxg6+ hxg6 65. Re6 Kf8 66. Rxg6 e6 67. Rg8+ Ke7 68. Qg7+ Kd6 69. Qd4+ Kc6 70. Qc4+ Kb6 71. Qb4+ Ka6 72. Qa4+ Qa5 73. Qc6+ Qb6 74. Qxc2 Rdc7 75. Qe2+ Kb7 76. Qe4+ Qc6 77. Qb4+ Ka6 78. Qa3+ Kb7 79. Qb4+ Ka6 80. Qa3+ 1/2-1/2

[Event "Oberliga Wuerttemberg 1718"]
[Site "Wuerttemberg"]
[Date "2018.03.18"]
[Round "8"]
[White "Mages, Steffen"]
[Black "Witke, Thomas"]
[Result "1-0"]
[WhiteElo "2100"]
[BlackElo "2200"]
[PlyCount "51"]
[EventDate "2017.09.17"]
[EventType "team-tourn"]
[EventRounds "9"]
[EventCountry "GER"]
[SourceTitle "EXT 2019"]
[Source "ChessBase"]
[SourceDate "2018.10.10"]
[SourceVersion "1"]
[SourceVersionDate "2018.10.10"]
[SourceQuality "1"]
[WhiteTeam "Heilbronn"]
[BlackTeam "Schmiden Cannstatt"]
[WhiteTeamCountry "GER"]
[BlackTeamCountry "GER"]

1. d4 d5 2. c4 c6 3. Nf3 Nf6 4. Nc3 dxc4 5. e4 b5 6. e5 Nd5 7. Be2 e6 8. 0-0 Nxc3 9. bxc3 Be7 10. a4 Nd7 11. Nd2 Nb6 12. Bf3 Nd5 13. Ne4 a5 14. g3 0-0 15. h4 f5 16. exf6 Bxf6 17. Kg2 Be7 18. Bg5 h6 19. Bd2 Bd7 20. Qc1 Qe8 21. Qd1 Qg6 22. Qe2 Nf4+ 23. Bxf4 Rxf4 24. h5 Rxe4 25. Bxe4 Qg5 26. f4 1-0

[Event "Banska Stiavnica V4 op"]
[Site "Banska Stiavnica"]
[Date "2016.07.09"]
[Round "8"]
[White "Kavon, Rastislav"]
[Black "Mages, Steffen"]
[Result "1-0"]
[WhiteElo "2241"]
[BlackElo "2081"]
[PlyCount "79"]
[EventDate "2016.07.02"]
[EventType "swiss"]
[EventRounds "9"]
[EventCountry "SVK"]
[SourceTitle "CBM 173 Extra"]
[Source "ChessBase"]
[SourceDate "2016.08.29"]
[SourceVersion "1"]
[SourceVersionDate "2016.08.29"]
[SourceQuality "1"]

1. e4 c5 2. Nf3 d6 3. d4 cxd4 4. Nxd4 Nf6 5. Nc3 a6 6. h3 e6 7. g4 Be7 8. Bg2 Qc7 9. g5 Nfd7 10. h4 b5 11. a3 Bb7 12. h5 Nc6 13. Nce2 Nc5 14. Ng3 0-0-0 15. Be3 g6 16. Nxc6 Bxc6 17. Qg4 f5 18. Qh3 Rhf8 19. exf5 exf5 20. Bxc6 Qxc6 21. 0-0-0 d5 22. Ne2 Ne4 23. Kb1 Nxg5 24. Nd4 Qd7 25. Bxg5 Bxg5 26. hxg6 hxg6 27. Rhg1 Bf6 28. Rxg6 Kb7 29. Qd3 Rf7 30. Re1 Re8 31. Rd1 Rd8 32. Rh1 Rh8 33. Rxh8 Bxh8 34. Nb3 Qc7 35. Qxd5+ Ka7 36. Rg8 Be5 37. Nc5 Kb6 38. Rg6+ Rf6 39. Rxf6+ Bxf6 40. Nd7+ 1-0

[Event "Banska Stiavnica V4 op"]
[Site "Banska Stiavnica"]
[Date "2016.07.05"]
[Round "4"]
[White "Banas, Jan"]
[Black "Mages, Steffen"]
[Result "1/2-1/2"]
[WhiteElo "2259"]
[BlackElo "2081"]
[PlyCount "80"]
[EventDate "2016.07.02"]
[EventType "swiss"]
[EventRounds "9"]
[EventCountry "SVK"]
[SourceTitle "CBM 173 Extra"]
[Source "ChessBase"]
[SourceDate "2016.08.29"]
[SourceVersion "1"]
[SourceVersionDate "2016.08.29"]
[SourceQuality "1"]

1. e4 c5 2. Nf3 d6 3. Bc4 Nf6 4. d3 Nc6 5. c3 e6 6. Bb3 Be7 7. 0-0 0-0 8. Nbd2 b5 9. a4 b4 10. Re1 Ba6 11. Bc2 Rb8 12. Nf1 bxc3 13. bxc3 d5 14. e5 Nd7 15. d4 cxd4 16. cxd4 Nb4 17. Bb1 Nb6 18. Ne3 Qc7 19. h4 Rfc8 20. Ng5 Bxg5 21. hxg5 Nd7 22. Ba3 Qc3 23. Ng4 Nd3 24. Bxd3 Qxd3 25. Qxd3 Bxd3 26. Bd6 Rb3 27. Ne3 a6 28. Rec1 Rbc3 29. Rxc3 Rxc3 30. a5 h6 31. gxh6 gxh6 32. f3 Kg7 33. Kf2 Bb5 34. g4 Rd3 35. Rd1 Rxd1 36. Nxd1 Kg6 37. Ne3 h5 38. gxh5+ Kxh5 39. f4 Bd3 40. Kg3 Kg6 1/2-1/2

[Event "Reykjavik op"]
[Site "Reykjavik"]
[Date "2016.03.14"]
[Round "8"]
[White "Sigfusson, Sigurdur Dadi"]
[Black "Mages, Steffen"]
[Result "1-0"]
[WhiteElo "2299"]
[BlackElo "2037"]
[PlyCount "103"]
[EventDate "2016.03.08"]
[EventType "swiss"]
[EventRounds "10"]
[EventCountry "ISL"]
[SourceTitle "CBM 171 Extra"]
[Source "ChessBase"]
[SourceDate "2016.04.26"]
[SourceVersion "1"]
[SourceVersionDate "2016.04.26"]
[SourceQuality "1"]

1. e4 c5 2. Nf3 d6 3. d4 cxd4 4. Nxd4 Nf6 5. Nc3 a6 6. Bg5 Nbd7 7. Qe2 b5 8. f4 Bb7 9. e5 b4 10. exf6 bxc3 11. fxe7 Bxe7 12. Bxe7 Qxe7 13. Qxe7+ Kxe7 14. bxc3 Rhe8 15. 0-0-0 g6 16. Nf3 Rad8 17. Bc4 Nb6 18. Rhe1+ Kf8 19. Rxe8+ Rxe8 20. Bb3 d5 21. Rd4 Re7 22. Rb4 Re6 23. Nd4 Rd6 24. a4 Bc8 25. a5 Nd7 26. Ba4 Nc5 27. Rb8 Nxa4 28. Rxc8+ Ke7 29. Rc7+ Rd7 30. Nc6+ Kd6 31. Rxd7+ Kxd7 32. Nb8+ Kd6 33. Nxa6 Nxc3 34. Kd2 Nb5 35. Nb4 Kc5 36. Nd3+ Kd6 37. a6 Nc7 38. a7 f6 39. Nb4 Na8 40. Kc3 Nc7 41. Kb3 Na8 42. Ka4 Kc5 43. Ka5 d4 44. Ka6 Kxb4 45. Kb7 Kc3 46. Kxa8 Kxc2 47. Kb8 d3 48. a8Q d2 49. Qe4+ Kc1 50. Qc4+ Kb2 51. Qd3 Kc1 52. Qc3+ 1-0

[Event "Reykjavik op"]
[Site "Reykjavik"]
[Date "2016.03.10"]
[Round "4"]
[White "Mages, Steffen"]
[Black "Petersons, Ojars"]
[Result "1-0"]
[WhiteElo "2037"]
[BlackElo "1791"]
[PlyCount "111"]
[EventDate "2016.03.08"]
[EventType "swiss"]
[EventRounds "10"]
[EventCountry "ISL"]
[SourceTitle "CBM 171 Extra"]
[Source "ChessBase"]
[SourceDate "2016.04.26"]
[SourceVersion "1"]
[SourceVersionDate "2016.04.26"]
[SourceQuality "1"]

1. d4 f5 2. c4 Nf6 3. Nc3 e6 4. Bg5 Be7 5. e3 c6 6. Bd3 d5 7. Nge2 Ne4 8. Bxe7 Qxe7 9. 0-0 0-0 10. f3 Nxc3 11. Nxc3 Qg5 12. f4 Qh4 13. Rf3 Qe7 14. Rh3 Nd7 15. g4 Nf6 16. g5 Ne4 17. Qe2 g6 18. Kg2 Nxc3 19. bxc3 b6 20. Rh6 Rf7 21. h4 Rg7 22. h5 Kf7 23. cxd5 exd5 24. Kf2 Be6 25. a4 Re8 26. Rh1 Reg8 27. Qb2 Re8 28. hxg6+ hxg6 29. R1h3 Reg8 30. Be2 Ke8 31. Bf3 Kf7 32. Qe2 Qc7 33. Qa2 Qe7 34. Be2 Qd6 35. Rh1 Qe7 36. Rc1 Re8 37. Rh3 Kf8 38. c4 Rh7 39. Rxh7 Qxh7 40. Qa3+ Kf7 41. Ke1 Qh1+ 42. Kd2 Qe4 43. Qd6 dxc4 44. Rxc4 Qd5 45. Qxc6 Qa5+ 46. Kc2 Qe1 47. Bd3 Qf2+ 48. Kc3 Qxe3 49. d5 Qe1+ 50. Kc2 Qf2+ 51. Kb3 Qe3 52. dxe6+ Rxe6 53. Qd7+ Re7 54. Qd5+ Kf8 55. Rc8+ Re8 56. Qd6+ 1-0

[Event "Wunsiedel op 9th"]
[Site "Wunsiedel"]
[Date "2015.05.16"]
[Round "5"]
[White "Mages, Steffen"]
[Black "Spiess, Gunter"]
[Result "0-1"]
[WhiteElo "1995"]
[BlackElo "2421"]
[PlyCount "68"]
[EventDate "2015.05.14"]
[EventType "swiss"]
[EventRounds "7"]
[EventCountry "GER"]
[SourceTitle "CBM 166 Extra"]
[Source "ChessBase"]
[SourceDate "2015.06.18"]
[SourceVersion "1"]
[SourceVersionDate "2015.06.18"]
[SourceQuality "1"]

1. d4 d5 2. c4 c6 3. Nf3 Nf6 4. Bf4 dxc4 5. e3 b5 6. a4 Nd5 7. axb5 cxb5 8. b3 Nxf4 9. exf4 e6 10. bxc4 bxc4 11. Bxc4 Bb4+ 12. Nbd2 0-0 13. 0-0 Bb7 14. Qb3 a5 15. Rfd1 Nd7 16. Ne5 Nxe5 17. dxe5 Qd4 18. Nf3 Qc3 19. Nd4 Rac8 20. Rac1 Qxb3 21. Bxb3 Rxc1 22. Rxc1 Rd8 23. Rd1 g6 24. g3 Bc5 25. Ne2 Rb8 26. Ra1 Bf3 27. Bd1 Rb2 28. Kf1 Rd2 29. Rc1 a4 30. Ke1 Bb4 31. Kf1 a3 32. h4 a2 33. h5 Kg7 34. g4 Bxg4 0-1

[Event "Staufer op 24th"]
[Site "Schwaebisch Gmuend"]
[Date "2012.01.03"]
[Round "3"]
[White "Gritsch, Christoph"]
[Black "Mages, Steffen"]
[Result "1-0"]
[WhiteElo "2134"]
[BlackElo "1939"]
[PlyCount "33"]
[EventDate "2012.01.02"]
[EventType "swiss"]
[EventRounds "9"]
[EventCountry "GER"]
[SourceTitle "CBM 146 Extra"]
[Source "ChessBase"]
[SourceDate "2012.02.29"]
[SourceVersion "1"]
[SourceVersionDate "2012.02.29"]
[SourceQuality "1"]

1. e4 c5 2. c3 e6 3. Nf3 d5 4. exd5 exd5 5. d4 Nf6 6. Bg5 cxd4 7. Qe2+ Be7 8. Bxf6 gxf6 9. Nxd4 0-0 10. Qh5 Qb6 11. Bd3 f5 12. 0-0 Na6 13. Nxf5 Bxf5 14. Bxf5 h6 15. Nd2 Bg5 16. Nf3 Qf6 17. Qg4 1-0

[Event "Wuerttemberg-ch KT"]
[Site "Stuttgart"]
[Date "2010.09.04"]
[Round "8"]
[White "Loewe, Joachim"]
[Black "Mages, Steffen"]
[Result "0-1"]
[WhiteElo "1943"]
[BlackElo "1916"]
[PlyCount "62"]
[EventDate "2010.08.28"]
[EventType "swiss"]
[EventRounds "9"]
[EventCountry "GER"]
[SourceTitle "EXT 2017"]
[Source "ChessBase"]
[SourceDate "2016.10.25"]
[SourceVersion "1"]
[SourceVersionDate "2016.10.25"]
[SourceQuality "1"]

1. Nf3 c5 2. g3 Nc6 3. Bg2 g6 4. 0-0 Bg7 5. c3 d5 6. d3 Nf6 7. Bg5 h6 8. Bf4 g5 9. Be3 d4 10. Bd2 Rb8 11. a4 Be6 12. a5 Qd7 13. Qa4 0-0 14. b4 dxc3 15. Bxc3 Nd4 16. Bxd4 cxd4 17. b5 Nd5 18. Nxd4 Bh3 19. Bxh3 Qxh3 20. Qb3 Bxd4 21. Ra4 Ne3 22. fxe3 Bxe3+ 23. Rf2 Qf5 24. Kg2 Qxf2+ 25. Kh3 Qf1+ 26. Kg4 h5+ 27. Kxh5 Qh3+ 28. Rh4 gxh4 29. g4 Kg7 30. Qc3+ f6 31. Qxf6+ Rxf6 0-1

[Event "Wuerttemberg-ch KT"]
[Site "Stuttgart"]
[Date "2010.09.03"]
[Round "7"]
[White "Kuechle, Wolfgang"]
[Black "Mages, Steffen"]
[Result "1-0"]
[WhiteElo "2066"]
[BlackElo "1916"]
[PlyCount "87"]
[EventDate "2010.08.28"]
[EventType "swiss"]
[EventRounds "9"]
[EventCountry "GER"]
[SourceTitle "EXT 2017"]
[Source "ChessBase"]
[SourceDate "2016.10.25"]
[SourceVersion "1"]
[SourceVersionDate "2016.10.25"]
[SourceQuality "1"]

1. c4 Nf6 2. g3 e6 3. Bg2 d5 4. Nf3 c5 5. b3 Nc6 6. 0-0 Be7 7. Bb2 0-0 8. e3 b6 9. Nc3 Qd7 10. cxd5 exd5 11. d4 cxd4 12. Nxd4 Rd8 13. Nxc6 Qxc6 14. Qd3 a6 15. Rfd1 Bb7 16. Rac1 Qe6 17. Qd4 Bc5 18. Qh4 Re8 19. b4 Bd6 20. Bh3 Qe7 21. Na4 Be5 22. Bxe5 Qxe5 23. Nxb6 Rad8 24. Qd4 Qh5 25. Bg2 Ng4 26. h3 Ne5 27. Rc7 Bc6 28. g4 Qg6 29. Qc5 Bb5 30. Rxd5 h5 31. Rxd8 Rxd8 32. Nd5 Qb1+ 33. Kh2 Qb2 34. Rc8 Rxc8 35. Qxc8+ Kh7 36. Qc3 Qxc3 37. Nxc3 hxg4 38. hxg4 Nxg4+ 39. Kg3 Ne5 40. f4 Nd3 41. Be4+ f5 42. Bxf5+ g6 43. Bxd3 Bxd3 44. Kf3 1-0